| 000 | 01515nam a2200421 4500 | ||
|---|---|---|---|
| 003 | OSt | ||
| 005 | 20260530115303.0 | ||
| 008 | 260505b1971 ag |||| |||| 00| 0 spa d | ||
| 040 |
_aICI _bspa _cICI |
||
| 041 | _aspa | ||
| 050 | 4 |
_aHC79.C6 _bS63 |
|
| 100 | 1 |
_aFriedman, Georges, _eautor _931560 |
|
| 245 | 1 | 1 |
_a¿Sociedad de consumo o civilización del bienestar? ; _bEl confort en cuestión / _cGeorges Friemann, Jan Tinbergen, Norman Mailer... [y otrs más] |
| 264 | 1 |
_a Argentina : _bRodolfo Alonso editor, _c1971 |
|
| 300 | _a206 páginas | ||
| 336 |
_atexto _2rdacontent |
||
| 337 |
_asin medio _2rdamedia |
||
| 338 |
_avolumen _2rdacarrier |
||
| 490 | _aArgumentos | ||
| 700 | 1 |
_aTinbergen, Jan, _eautor _931561 |
|
| 700 | 1 |
_aMailer, Norman, _eautor _931562 |
|
| 700 | 1 |
_aAlbertini, Jean-Marie, _eautor _931563 |
|
| 700 | 1 |
_abuchanan, george, _eautor _931564 |
|
| 700 | 1 |
_aCazes, Bernard, _eautor _931565 |
|
| 700 | 1 |
_aCrozier, Michel, _eautor _931566 |
|
| 700 | 1 |
_aDieguez, de Manuel, _eautor _931567 |
|
| 700 | 1 |
_aDéguy, Michel, _eautor _931568 |
|
| 700 | 1 |
_aJouvenel de Bertrand, _eautor _931569 |
|
| 700 | 1 |
_aDétraz, Albert, _eautor _931570 |
|
| 700 | 1 |
_aFejtö, Francois, _eautor _931571 |
|
| 700 | 1 |
_aFlam, Léopold, _eautor _931572 |
|
| 700 | 1 |
_aLapassade, Georges, _eautor _931573 |
|
| 700 | 1 |
_aMisrahi, Robert, _eautor _931574 |
|
| 700 | 1 |
_aMorin, Edgar, _eautor _931575 |
|
| 700 | 1 |
_aPerroux, Francois, _eautor _931576 |
|
| 700 | 1 |
_aPizzorno, Alessandro, _eautor _931577 |
|
| 942 |
_2ddc _cBK _n1 |
||
| 999 |
_c12968 _d12968 |
||